Biggest cities in Silesia. - Statistics

General Stats
  • This quiz has been taken 109 times
  • The average score is 10 of 15
Answer Stats
# Population City % Correct
2. 291 774 Katowice
96%
1. 643 782 Wrocław
92%
4. 178 186 Gliwice
84%
11. 128 012 Opole
78%
5. 171 691 Zabrze
76%
7. 164 447 Bytom
75%
14. 107 443 Chorzów
63%
15. 99 072 Legnica
61%
13. 110 603 Wałbrzych
59%
6. 170 303 Bielsko-Biała
58%
9. 137 782 Rybnik
55%
12. 127 307 Tychy
54%
10. 137 030 Ruda Śląska
53%
3. 287 968 Ostrava
49%
8. 141 280 Zielona Góra
34%
No matching quizzes found
Score Distribution
Percent of People with Each Score
Percentile by Number Answered
Your Score History
You have not taken this quiz